Multiple-Choice-Stadtquiz - Athen - Statistiken

Allgemein
  • Dieses Quiz wurde 93 mal gespielt
  • Das Durchschnittsergebnis liegt bei 7 aus 10
Antwortstatistiken
Frage Antwort % Korrekt
Athen ist bekannt als Geburtsort von ... Demokratie
93%
Welches dieser Gemälde zeigt den Parthenon?
81%
Welcher dieser Orte liegt etwa 40 km von Athen entfernt? Marathon
78%
Wer wurde 399 v. Chr. zum Tode verurteilt, weil er die Jugend Athens verdorben hatte? Sokrates
73%
Von allen Hauptstädten Europas ist Athen … Sie haben die geringsten durchschnittlichen Niederschläge
66%
Wer besiegte Athen im Peloponnesischen Krieg? Sparta
62%
Athen war die erste Stadt, die... Sie organisierten die modernen Olympischen Spiele
57%
In welcher Region Griechenlands liegt Athen? Attika
55%
Was ist die Akropolis von Athen? Ein befestigter Hügel mit flacher Spitze
53%
Wer gründete die Akademie im Jahr 387 v. Chr.? Plato
42%
Keine übereinstimmenden Quizze gefunden
Verteilung der Resultate
Anzahl Personen mit jedem Resultat
Perzentil nach korrekt beantworteten Fragen
Ihre Resultats-Entwicklung
Sie haben dieses Quiz noch nicht gespielt